| 000 | 00627nam a2200181 a 4500 | ||
|---|---|---|---|
| 005 | 20140412111253.0 | ||
| 008 | 000825s19uu xx 00 eng d | ||
| 020 | _a1-57255-165-8 | ||
| 050 |
_aTR(PS E _bWh56 1997 |
||
| 100 | _aGarelick, May | ||
| 245 |
_aWhere does the butterfly go when it rains? / _cby May Garelick ; illustrated by Nicholas Wilton. |
||
| 260 |
_aNew York : _bMondo Publishing, _c1997. |
||
| 300 | _a1 v. (unp.) ; ill. | ||
| 520 | _aIllustrations and simple text described what different animals do when it rains. | ||
| 650 | _aRain and rainfall-Fiction | ||
| 650 | _aAnimals-Fiction | ||
| 999 |
_c103199 _d103199 |
||